Sports Quiz

Random Sports Quiz

Wheaties Box Athletes Quiz Stats

Quiz Updated Feb 28, 2013

Also try: Cereal Slogans
Challenge
Share
Tweet
Score 0/40 Timer 10:00
0 Plays Today
athlete % Correct
Michael Jordan
95.3%
Muhammad Ali
92.8%
Babe Ruth
88.8%
Lance Armstrong
85.5%
Michael Phelps
83.9%
Peyton Manning
83.9%
Dan Marino
83.2%
Dale Earnhardt
79.2%
Brett Favre
76.3%
Jackie Robinson
74.3%
Hank Aaron
73.6%
Pete Sampras
72.8%
Shaquille O'Neal
72.8%
Arnold Palmer
71.7%
Walter Payton
70.7%
Bill Russell
70.3%
Barry Sanders
69.7%
Shaun White
69.1%
Julius 'Dr. J.' Erving
68.6%
Roberto Clemente
67.8%
athlete % Correct
Michael Johnson
66.9%
Richard Petty
66.5%
Apolo Anton Ohno
63.7%
Johnny Bench
61.4%
Wayne Gretzky
61.4%
Albert Pujols
59.7%
Doug Flutie
58.3%
Bruce Jenner
57.7%
Andre Agassi
54.7%
Mary Lou Retton
54.6%
Arthur Ashe
54.2%
Cal Ripken Jr.
51.4%
Jesse Owens
46.1%
Brandi Chastain
42.6%
Chris Evert
39.9%
Jim Thorpe
37.9%
Jackie Joyner-Kersee
36.8%
Lindsey Vonn
19.2%
Sarah Hughes
9.8%
Althea Gibson
9%

You're not logged in!

Compare scores with friends on all Sporcle quizzes.
Sign Up with Email
OR
Log In

You Might Also Like...

Show Comments

Extras

Top Quizzes Today


Score Distribution

Your Account Isn't Verified!

In order to create a playlist on Sporcle, you need to verify the email address you used during registration. Go to your Sporcle Settings to finish the process.